00381nam a22001337a 4500003000400000008004100004082001700045100002400062245009100086260003200177300001000209502001500219650001300234OSt260430b |||||||| |||| 00| 0 eng d a633.17bT30S aThakur, Ashok Kumar aStudies on Response of Legumes and Maize to Phosphorus in Winter Lecome-Maize Rotation aPusa, SamastipurbRAUc1975 a134P. bMsc.d1975 aAgronomy